000 01501nam a2200229Ia 4500
003 Ost
005 20260507075309.0
008 260507s9999||||xx |||||||||||||| ||und||
040 _cfsecg
041 _aara
082 _a330
100 _aدويدار، محمد
_eمؤلف
245 0 _aمبادئ الاقتصادالسياسي :
_bالاقتصاد الدولي /
_c محمد دويدار
260 _aالاسكندرية:
_bدار الجامعة الجديدة,
_c2007
300 _a388 صفحة؛
_c24 سم
520 _aالاداء اليومي للاقتصاد الرأسمالي و العلاقات الاقتصادية الدولية للاقتصاد المصري مع عملية التكوين التاريخي للهيكل الاقتصادي المصري المعاصر ، كما تم التطرق الى عملية تراكم رأس المال على الصعيد العالمي و الاطار التنظيمي للتراكم العالمي لرأس المال و الاقتصاد الرأسمالي الدولي المعاصر في الازمة ، كما تم تناول التفسير النظري للعلاقات الاقتصادية الدولية بالتطرق الى النظرية التقليدية في التبادل الدولي و تطور الاقتصاد العالمي .
653 _aالاقتصاد
653 _aالاقتصاد الدولي
653 _aالاقتصاد السياسي
653 _aالعلاقات الدولية
942 _cكتاب
999 _c43833
_d43833